| 000 | 01307cam a22003011i 4500 | ||
|---|---|---|---|
| 003 | SA-RiAUC | ||
| 005 | 20250702070547.0 | ||
| 008 | 250622s1986 ku b g b f001r0dara c | ||
| 020 | _a9960002616 | ||
| 040 |
_aSA-RiKSU _bara _cSA-RiAUC _erda |
||
| 043 | _aa-iq--- | ||
| 082 | 0 | 4 |
_a011.3109567 _qSA-RiAUC |
| 090 |
_a011.3109567 _b ا ل ط |
||
| 100 | 1 |
_aآل طعمة، سلمان هادي، _d1935- _eمؤلف. |
|
| 245 | 1 | 0 |
_aمخطوطات السيد محمد باقر الطباطبائي في كربلاء / _cسلمان هادي الطعمة. |
| 250 | _aالطبعة الأولى. | ||
| 264 | 1 |
_aالكويت : _bمعهد المخطوطات العربية، _c[1986] |
|
| 300 |
_a281 صفحة ؛ _c24 سم. |
||
| 336 |
_aنص _btxt _2rdacontent _3كتاب |
||
| 337 |
_aبدون وسيط _bn _2rdamedia |
||
| 338 |
_aمجلد _bnc _2rdacarrier |
||
| 490 | 0 | _aمنشورات معهد المخطوطات العربية | |
| 500 | _aكشاف : صفحة 233-281. | ||
| 600 | 1 | 7 |
_aالطباطبائي، محمد باقر بن حسن الطباطبائي، _d1272-1331 هجري _xمخطوطات _vببليوجرافيات _2aucnm |
| 650 | 7 |
_aالمخطوطات العربية _zالعراق _vببليوجرافيات _2aucsh |
|
| 942 |
_2ddc _cBOOK _n0 |
||
| 949 |
_aSA-JeALM _d250622 _umohamedma123 _n1 |
||
| 999 |
_c9408 _d9408 |
||